<?xml version="1.0" encoding="UTF-8"?>
<record
    xmlns:xsi="http://www.w3.org/2001/XMLSchema-instance"
    xsi:schemaLocation="http://www.loc.gov/MARC21/slim http://www.loc.gov/standards/marcxml/schema/MARC21slim.xsd"
    xmlns="http://www.loc.gov/MARC21/slim">

  <leader>01598cam a2200397Ii 4500</leader>
  <controlfield tag="001">11647392</controlfield>
  <controlfield tag="003">OSt</controlfield>
  <controlfield tag="005">20180116192431.0</controlfield>
  <controlfield tag="008">150602s2015    enka          001 0 eng d</controlfield>
  <datafield tag="020" ind1=" " ind2=" ">
    <subfield code="a">9780714870540</subfield>
  </datafield>
  <datafield tag="020" ind1=" " ind2=" ">
    <subfield code="a">0714870544</subfield>
  </datafield>
  <datafield tag="024" ind1=" " ind2=" ">
    <subfield code="a">40025414455</subfield>
  </datafield>
  <datafield tag="035" ind1=" " ind2=" ">
    <subfield code="a">(OCoLC)ocn910556936</subfield>
  </datafield>
  <datafield tag="035" ind1=" " ind2=" ">
    <subfield code="a">(OCoLC)910556936</subfield>
    <subfield code="z">(OCoLC)920454548</subfield>
    <subfield code="z">(OCoLC)921261813</subfield>
  </datafield>
  <datafield tag="035" ind1=" " ind2=" ">
    <subfield code="a">(NNC)11647392</subfield>
  </datafield>
  <datafield tag="040" ind1=" " ind2=" ">
    <subfield code="a">NRC</subfield>
    <subfield code="b">eng</subfield>
    <subfield code="e">rda</subfield>
    <subfield code="c">NRC</subfield>
    <subfield code="d">BTCTA</subfield>
    <subfield code="d">YDXCP</subfield>
    <subfield code="d">YNK</subfield>
    <subfield code="d">NhCcYBP</subfield>
  </datafield>
  <datafield tag="050" ind1=" " ind2="4">
    <subfield code="a">NA2335</subfield>
    <subfield code="b">.A93 2015</subfield>
  </datafield>
  <datafield tag="082" ind1="0" ind2="4">
    <subfield code="a">720.79</subfield>
    <subfield code="2">23</subfield>
  </datafield>
  <datafield tag="245" ind1="0" ind2="0">
    <subfield code="a">A+ Awards 2015 :</subfield>
    <subfield code="b">Architizer /</subfield>
    <subfield code="c">[commissioning editor, Emilia Terragni ; project editor, Laura Loesch-Quintin].</subfield>
  </datafield>
  <datafield tag="246" ind1="3" ind2=" ">
    <subfield code="a">A plus Awards 2015</subfield>
  </datafield>
  <datafield tag="246" ind1="3" ind2="0">
    <subfield code="a">Architizer A+ Awards</subfield>
  </datafield>
  <datafield tag="246" ind1="3" ind2="0">
    <subfield code="a">2015 Architizer A+ Awards</subfield>
  </datafield>
  <datafield tag="300" ind1=" " ind2=" ">
    <subfield code="a">223 pages :</subfield>
    <subfield code="b">illustrations (chiefly color) ;</subfield>
    <subfield code="c">29 cm</subfield>
  </datafield>
  <datafield tag="500" ind1=" " ind2=" ">
    <subfield code="a">Includes index.</subfield>
  </datafield>
  <datafield tag="520" ind1=" " ind2=" ">
    <subfield code="a">"The Architizer A+ Awards celebrate the world's best architecture every year.  The 2015 winners were singled out amongst entries from over 100 countries by an international jury of over 300 experts and over 200,000 public votes"--Page 4 of cover.</subfield>
  </datafield>
  <datafield tag="650" ind1=" " ind2="0">
    <subfield code="a">Architecture</subfield>
    <subfield code="x">Awards.</subfield>
    <subfield code="9">8321</subfield>
  </datafield>
  <datafield tag="650" ind1=" " ind2="0">
    <subfield code="a">Architectural design</subfield>
    <subfield code="x">Competitions.</subfield>
    <subfield code="9">8322</subfield>
  </datafield>
  <datafield tag="650" ind1=" " ind2="0">
    <subfield code="a">Architecture, Modern</subfield>
    <subfield code="y">21st century.</subfield>
    <subfield code="9">8323</subfield>
  </datafield>
  <datafield tag="650" ind1=" " ind2="0">
    <subfield code="a">Architecture, Modern</subfield>
    <subfield code="y">21st century</subfield>
    <subfield code="v">Designs and plans.</subfield>
    <subfield code="9">8324</subfield>
  </datafield>
  <datafield tag="700" ind1="1" ind2=" ">
    <subfield code="a">Terragni, Emilia,</subfield>
    <subfield code="e">editor.</subfield>
    <subfield code="9">8319</subfield>
  </datafield>
  <datafield tag="700" ind1="1" ind2=" ">
    <subfield code="a">Loesch-Quintin, Laura,</subfield>
    <subfield code="e">editor.</subfield>
    <subfield code="9">8320</subfield>
  </datafield>
  <datafield tag="710" ind1="2" ind2=" ">
    <subfield code="a">Architizer,</subfield>
    <subfield code="e">issuing body.</subfield>
    <subfield code="9">8318</subfield>
  </datafield>
  <datafield tag="942" ind1=" " ind2=" ">
    <subfield code="2">ddc</subfield>
    <subfield code="c">BK</subfield>
  </datafield>
  <datafield tag="948" ind1="1" ind2=" ">
    <subfield code="a">20151207</subfield>
    <subfield code="b">c</subfield>
    <subfield code="c">pg2032</subfield>
    <subfield code="d">MPS</subfield>
  </datafield>
  <datafield tag="999" ind1=" " ind2=" ">
    <subfield code="c">354132</subfield>
    <subfield code="d">354132</subfield>
  </datafield>
  <datafield tag="952" ind1=" " ind2=" ">
    <subfield code="0">0</subfield>
    <subfield code="1">0</subfield>
    <subfield code="2">ddc</subfield>
    <subfield code="4">0</subfield>
    <subfield code="7">0</subfield>
    <subfield code="a">SADA</subfield>
    <subfield code="b">SADA</subfield>
    <subfield code="d">2016-03-31</subfield>
    <subfield code="l">0</subfield>
    <subfield code="o">720.79 AAW 2015</subfield>
    <subfield code="p">SADA0002521</subfield>
    <subfield code="r">2017-01-05</subfield>
    <subfield code="v">3618.33</subfield>
    <subfield code="w">2017-01-05</subfield>
    <subfield code="y">BK</subfield>
  </datafield>
</record>
